ბათუმის შოთა რუსთაველის სახელმწიფო უნივერსიტეტის ბიბლიოთეკა

Государственное и Муниципальное управление. (ბიბ.ჩანაწერი № 44425)

000 -LEADER
fixed length control field 00745nam a2200229Ia 4500
001 - CONTROL NUMBER
control field 11191
003 - CONTROL NUMBER IDENTIFIER
control field GE_BSU
008 - FIXED-LENGTH DATA ELEMENTS--GENERAL INFORMATION
fixed length control field 181216s||||||||xx |||||||||||||| ||und||
020 ## - INTERNATIONAL STANDARD BOOK NUMBER
International Standard Book Number 9785991630016
040 ## - CATALOGING SOURCE
Transcribing agency GE_BSU
080 ## - UNIVERSAL DECIMAL CLASSIFICATION NUMBER
Universal Decimal Classification number 351(075.8):005
100 ## - MAIN ENTRY--PERSONAL NAME
Personal name ГИМАЗОВА, Ю.В
245 ## - TITLE STATEMENT
Title Государственное и Муниципальное управление.
245 ## - TITLE STATEMENT
Remainder of title учебник для бакалавров.
245 ## - TITLE STATEMENT
Statement of responsibility, etc. ПОД ОБЩ.РЕД. Н.А.ОМЕЛЬЧЕНКО.
260 ## - PUBLICATION, DISTRIBUTION, ETC.
Place of publication, distribution, etc. МОСКВА.
260 ## - PUBLICATION, DISTRIBUTION, ETC.
Name of publisher, distributor, etc. ИЗДАТЕЛЬСТВО ЮРАЙТ.
260 ## - PUBLICATION, DISTRIBUTION, ETC.
Date of publication, distribution, etc. 2014.
300 ## - PHYSICAL DESCRIPTION
Extent 453с;21см.
653 ## - INDEX TERM--UNCONTROLLED
Uncontrolled term Государственное и Муниципалное управление.
942 ## - ADDED ENTRY ELEMENTS (KOHA)
Koha item type წიგნი
ეგზემპლარები
Withdrawn status Lost status Damaged status Not for loan Date acquired Barcode Date last seen Price effective from Koha item type
        2018-12-17 35394 2018-12-17 2018-12-17 წიგნი